Responses for show #3576 - Monday, March 6, 2000

Contestants

Megan Green, a kennel manager from Gadsden, Alabama

Francisco Smith, a circulation manager from Brooklyn, New York

Susan Caylor, an account manager from Atlanta, Georgia (whose 3-day cash winnings total $33,001)

Jeopardy! Round responses

20th CENTURY USA
HORROR MOVIE VILLAINS
(Alex: We want you to name the villainous character.)
WATCH THE BIRDIE
OBVIOUS ANSWERS
AMERICAN WRITERS
THE "ND"
    $100 12
Patty Hearst

Susan
    $100 6
Freddy Krueger

Francisco
    $100 30
Penguin

Megan
    $100 29
(F: What is QWERTY?)

Typewriter

Francisco
Triple Stumper
    $100 1
Edgar Allan Poe

Megan
    $100 11
Ferdinand

Susan
    $200 13
Rev. Jesse Jackson

Susan
    $200 7
Norman Bates

Megan
    $200 21
Ice/snow

Megan
    $200 15
(F: What is a writer?)

Page

SusanFrancisco
    $200 2
(S: Who is Zane Grey?)

Mark Twain

Susan
Triple Stumper
    $200 23
(with a minute to go...)

Dixieland

Susan
    $300 14
Hasbro

Francisco
    $300 8
Jason

Megan
    $300 19
(M: What are eyes?)
(F: What are feathers?)

Eggs

FranciscoMegan
Triple Stumper
    $300 16
Lyndon B. Johnson

Megan
    $300 3
John Steinbeck

Susan
    $300 26
Cummerbund

Megan
    $400 24
the Treaty of Versailles

Megan
    $400 9
Michael Myers

Megan
    $400 20
(Alex: And don't ask me to do them!)

Their calls

Triple Stumper
    $400 17
Twos

Susan
    $500 4
Henry David Thoreau

Susan
    $400 27
Chateaubriand

Susan
    $500 25
[Alex reads "SEC" in the clue as "Securities and Exchange Commission".]

Joseph Kennedy

Susan
    $500 10
(Alex: One of my favorites!)

Leatherface

Megan
    $500 22
Flamingo

Megan
    $500 18
(Susan: Who is George Stevens?)

Lewis Milestone

SusanFrancisco
    $500 5
Ambrose Bierce

Francisco
    $500 28
Ampersand

Susan

Scores at the first commercial break (after clue 15):

Susan Francisco Megan
$1,200 $700 $1,500

Scores at the end of the Jeopardy! Round:

Susan Francisco Megan
$2,700 $800 $3,000

Double Jeopardy! Round responses

FAMOUS NATIVE AMERICANS
WORD ORIGINS
THE LAST AMERICAN TO WIN THE GOLD
WORLD GEOGRAPHY
MICROSOFT
WINDOWS
    $200 3
Pocahontas

Francisco
    $200 1
Rent

Francisco
    $200 14
Mexico

Susan
    $200 21
IBM

Susan
    $200 11
Stained glass windows

Megan
    $400 7
Sitting Bull

Susan
    $400 2
Lubber

Susan
    $400 15
Ganges

Susan
    $400 22
(with about a minute to go...)

NBC (MSNBC)

Susan
    $400 12
French doors

Susan
    $600 8
Sacajawea

Susan
    $600 4
Purgatory

Megan
    $600 26
Carl Lewis

Triple Stumper
    $600 16
Strait of Hormuz

Megan
    $600 23
Encarta

Megan
    $600 13
Electric windows in your car

Triple Stumper
    $800 9
Geronimo

Francisco
    $800 5
Muckety-muck/muckamuck

Francisco
    $800 27
Bonnie Blair

Megan
    $800 17
Java

Triple Stumper
    $800 24
Bill & Melinda Gates

Triple Stumper
    $800 19
Storm windows

Triple Stumper
    $1000 10
(F: Who is Nez Perce?)

Tecumseh

Francisco
Triple Stumper
    $1,000 6
(F: What is a square?)

Tree

Francisco
    $1,000 28
(buzzer sounds)

Babe Didrikson Zaharias

Megan
    $1000 18
Tegucigalpa

Megan
    $1000 25
Excel

Francisco
    $1000 20
Double-hung windows

Triple Stumper

Scores at the end of the Double Jeopardy! Round:

Susan Francisco Megan
$5,700 $1,800 $7,800

[wagering suggestions for these scores]

Final Jeopardy! Round responses

SINGERS
FranciscoWho Peggy Lee
$1,800
SusanWho is R. Clooney
$5,600
MeganWho is Billie Hi
$3,600
Rosemary Clooney

Final scores:

Susan Francisco Megan
$11,300 $0 $4,200
4-day champion: $44,301 3rd place: Clio Pocket PC Companion 2nd place: Sony VAIO Super-Slim Z505 Pro Notebook Computer & Monitor

Game dynamics:

Coryat scores:

Susan Francisco Megan
$5,600 $2,800 $7,800
19 R
(including 1 DD),
2 W
9 R,
5 W
(including 1 DD)
18 R
(including 1 DD),
1 W

Combined Coryat: $16,200

The J! Archive is created by fans, for fans. The Jeopardy! game show and all elements thereof, including but not limited to copyright and trademark thereto, are the property of Jeopardy Productions, Inc. and are protected under law. This website is not affiliated with, sponsored by, or operated by Jeopardy Productions, Inc. Join the discussion at JBoard.tv.